00560nam a2200181 a 450000100060000000300090000600800410001502000180005604000280007408200180010210000190012024500180013926000280015730000090018550501440019465000170033865000230035523046CO-ViMGA141112s2004 ck r 000 u spa d a9788434222229 aCO-ViMGAbspacCO-ViMGA04a683.082 G413m1 aGibert, Vicenc10aMarqueterìa aEspaña : bParramòn a64p. aLa iniciacion , El oficio de marquetero, Analisis del material, La tecnica, Cortado de chapas, Acabado, La practica, Joyero, Paisaje, Atril14aMARQUETERIA 14aTRABAJOS DE MADERA